La vie ne vaut rien - Alain Souchon (Paroles) - Statistiques

Statistiques générales
  • Ce quiz a été pris 122 fois
  • Le résultat moyen est 217 sur 281
Statistiques - réponses
Réponse % Correct
vie
100%
vie.
100%
vie !
100%
a
99%
à
99%
la
99%
La
99%
99%
99%
le
99%
ne
99%
rien
99%
rien,
99%
rien.
99%
vaut
99%
les
97%
de
95%
je
95%
quand
94%
Mais
92%
mais
92%
dans
91%
et
90%
mon
90%
il
87%
Il
87%
mes
87%
moi
87%
tiens
85%
tiens,
85%
petits
83%
amie.
82%
dis
82%
mains
82%
deux
81%
seins
81%
des
76%
sa
74%
pour
73%
un
73%
jolis
72%
dit :
69%
eblouies
69%
éblouies
69%
ça
68%
si
67%
tous
67%
sur
64%
ce
63%
que
58%
tourné
58%
avait
56%
gens
55%
gens.
55%
leur
55%
sens
55%
comme
54%
savoir
53%
l'existence.
51%
avis
50%
est
50%
donner
49%
demandé
47%
ravis
47%
qui
46%
tas
46%
tourneurs
46%
voir
46%
vu
45%
c'est
44%
derviche
42%
fumeurs
41%
internet
41%
puis
41%
site
40%
amis
37%
entre
37%
entré
37%
sectes
37%
haschich
35%
insecte
35%
nettoie
33%
traversé
33%
vapeurs
33%
jet
32%
n'est
32%
palaces
32%
RIchard
32%
surface.
32%
techniciens
32%
passe
31%
Gère.
29%
vieux
29%
détergent
28%
Pépère
28%
sergent
28%
Jeux
27%
nostalgie,
27%
Interdits
26%
monastères
26%
d'argent,
24%
joué
24%
manque
24%
endormis
23%
d'amour,
21%
D'autres
21%
l'espace
21%
clochers
19%
espèrent
19%
sept
9%
farces
0%
Aucun quiz correspondant
Distribution des résultats
% des personnes avec chaque résultat
Percentile par nombre de réponses
Votre historique - résultats
Vous n’avez pas pris ce quiz